Vista normal
Vista MARC
Entrada Personal Name
Número de registros utilizados en: 1
001 - CONTROL NUMBER
- control field: 6839
003 - CONTROL NUMBER IDENTIFIER
- control field: OSt
005 - DATE AND TIME OF LATEST TRANSACTION
- control field: 20180716125027.0
008 - FIXED-LENGTH DATA ELEMENTS
- fixed length control field: 180315 a|ac|n|aab||||||||||||a |n|||||||
040 ## - CATALOGING SOURCE
- Original cataloging agency: DLC
- Language of cataloging: spa
- Description conventions: rda
- Transcribing agency: Mx-PuUPA
- Modifying agency: DLC
100 1# - HEADING--PERSONAL NAME
- Personal name: Sirohi, Savitra,
375 ## - GENDER
- Gender: hombre
377 ## - ASSOCIATED LANGUAGE
- Language code: eng
400 1# - SEE FROM TRACING--PERSONAL NAME
- Personal name: Sirohi, S
- Fuller form of name: (Savitra)
670 ## - SOURCE DATA FOUND
- Source citation: Koha 3 Library Management System. Install, configure, and maintain your Koha installation with this easy-to-follow guide, 2010:
- Information found: t.p. (Savitra Sirohi), de portada